[Event "WchT 12th"]
[Site "Astana"]
[Date "2019.03.05"]
[Round "1.1"]
[White "Adhiban, Baskaran"]
[Black "Grandelius, Nils"]
[Result "1-0"]
[WhiteElo "2683"]
[BlackElo "2694"]
[Annotator "Adhiban,B"]
[PlyCount "61"]
[EventDate "2019.03.05"]
[EventType "team-tourn"]
[EventRounds "9"]
[EventCountry "KAZ"]
[SourceTitle "CBM 189"]
[Source "ChessBase"]
[SourceDate "2019.04.29"]
[SourceVersion "1"]
[SourceVersionDate "2019.04.29"]
[SourceQuality "1"]
[WhiteTeam "India"]
[BlackTeam "Sweden"]
[WhiteTeamCountry "IND"]
[BlackTeamCountry "SWE"]

{The World Team Championships held at Astana,Kazakh ended up being one of my
best events in recent times, the following game being one of my best
achievements in the tournament. I was paired against one of my friends Nils
who is known for his fighting spirit and hence I was looking forward to a
great fight.} 1. e4 e5 2. Nf3 Nc6 3. Bc4 Nf6 4. d3 Bc5 5. O-O {Like MVL once
mentioned in his annotations nobody really understands the intricacies of
Italian and hence I won't even try to explain it :).} d6 6. c3 h6 7. Re1 O-O 8.
Nbd2 a5 $5 {One of the innovations of the 21st century to grab space on the
queenside and fight against the expansion with b4.} 9. Nf1 {I didn't care
about such details and decided to aim for the black king!} Be6 10. Bb5 Ne7 11.
d4 exd4 12. cxd4 Bb6 (12... Bb4 13. Bd2 d5 14. e5 Ne4 15. a3 $5 Bxd2 16. N1xd2
$14) 13. Ng3 d5 ({Against} 13... Bg4 {I was intending} 14. h3 $5 (14. Be3 d5
15. e5 Ne4 {was fine for Black in Inarkiev-Sargissian, World Rapid 2017.})
14... Bxf3 15. gxf3 {with a massive centre and kingside initiative.}) 14. e5
Ne4 15. Nxe4 dxe4 16. Rxe4 c5 $5 $146 {The first novelty in the game.} (16...
Qd5 17. Bd3 {wasn't so scary.}) 17. Bd3 {I liked this idea of immediately
aiming for the position after ...cxd4.} ({Later on in the European Individual
Championship another interesting game continued} 17. Be3 $5 Qd5 18. Bd3 Bf5 19.
Rh4 cxd4 20. Bxh6 $1 Bxd3 21. Qxd3 Ng6 22. Bxg7 Kxg7 {I don't want to spoil
the rest with comp's biased suggestions :).} 23. Rg4 Rh8 24. h4 Rh5 25. Re1 Qe6
26. Ree4 Rc8 27. g3 Rf5 28. Kg2 Rc1 29. Ng5 Qc6 30. e6 Ne5 31. Nf3+ Nxg4 32.
Rxg4+ Kf6 33. exf7 Bc5 34. Rg8 Qxf3+ 35. Qxf3 Rxf3 36. f8=Q+ Bxf8 37. Rxf8+ Ke5
38. Kxf3 Rc2 39. h5 Rc6 40. g4 Rd6 41. Rf5+ {(Alekseenko-Svane, Skopje MKD
2019) Did look like an impressive game but if you want objectivity check with
comp :).}) 17... Bf5 (17... cxd4 18. Re1 $1 {Because the rook was feeling out
of place on e4 and now I can prepare Qe2-Bd2 etc.}) 18. Rf4 {I was quite happy
to keep the rook on the 4th rank.} (18. Re1 Bxd3 19. Qxd3 cxd4 20. Bd2 {
was another good option.}) ({It's too early for} 18. Rh4 Ng6 $1) 18... Bxd3 19.
Qxd3 cxd4 20. Rg4 {Making my intentions very clear!} ({Another way was} 20. Bd2
Qd7) 20... Qd7 21. h3 Qe6 ({I assumed that} 21... Kh8 {was more or less forced.
} 22. Bd2 {[%cal Ga1e1] and bringing in the final cavalry via Re1-e4.}) 22. Bd2
Rad8 {I was surprised to see this as I felt Rfd8 was very natural.} (22... Rac8
{Here I can consider taking the pawn:} 23. Nxd4 Bxd4 (23... Qxe5 24. Re1 {
is bad for Black.} (24. Bc3)) 24. Rxd4 {with the more pleasant position.}) 23.
Re1 Nf5 $5 {Only now I understood what his point was!} 24. Bg5 $1 {I received
lot of positive responses for this move!} ({I was thinking of repeating once
with} 24. Rf4 {But didn't like} Ne3 {Here Nils suggested} ({Black can also do} 
24... Ne7) 25. b3 {followed by moving the queen but somehow it didn't look
nice.}) (24. Ree4 Ne3 25. Rg3 Nf5 {with a minimum draw.}) 24... hxg5 (24... Rd5
{was my first issue but then I found} 25. Bf6 Bd8 26. Rf4 $1 $16) 25. Nxg5 Qc8
(25... Qd7 26. Ne4 {is nasty.}) 26. Rf4 $1 (26. e6 fxe6 27. Nxe6 Rde8 {also
leads to nothing.}) (26. Ne4 g6 {I couldn't see a good follow-up here.} 27.
Nf6+ Kg7 28. Nh5+ Kh8) 26... g6 27. g4 {This was the major tabiya in my
calculation and I was convinced that I was doing well.} Ne7 {This was one of
the first lines which concerned me but...} ({Good or bad, Black had to go for} 
27... Ne3 28. e6 (28. fxe3 dxe3 29. Qb3 {was another line but with a complete
mess} Rd1 $5) 28... Qc2 29. Rxe3 ({I think both of us didn't check} 29. exf7+
$1 Rxf7 30. Qxc2 Nxc2 31. Nxf7 Nxe1 32. Nxd8 Bxd8 33. Kf1 Nc2 34. Ke2 $16)
29... Qc1+ 30. Kh2 (30. Kg2 dxe3 31. exf7+ Kh8 32. Qxg6 Qc6+ $19) 30... Bc7 $1
(30... dxe3 31. exf7+ Rxf7 $5 (31... Kh8 32. Qxg6) (31... Kg7 32. Ne6+ Kh7 {
was one of his lines but now it is refuted by the stunning} 33. g5 $1 {[%cal
Rf4h4]}) 32. Qxg6+ Rg7 33. Qe6+ Kh8 34. Qxb6 $18) 31. exf7+ Kh8 32. Ne6 $1 dxe3
33. Qxg6 Bxf4+ 34. Nxf4 Qc6 35. Ne6 Qd6+ 36. Kg2 Qd5+ 37. Kg3 Rxf7 38. Qxf7
Qe5+ 39. Kh4 e2 40. Qg6 e1=Q 41. Qh6+ {with a normal perpetual :).}) 28. Qg3 $1
{Suddenly it's all over for Black.} Kg7 (28... f6 {Here both} 29. exf6 ({and} 
29. Rxf6 {wins}) 29... Nd5 30. Qh4 Qc7 31. Re7) 29. Qh4 Rh8 30. Rxf7+ Kg8 31.
Rh7 {More than the victory I was happy with the level of play! I wanted to
play a good game and I did!} 1-0

[Event "Bad Homburg"]
[Site "Bad Homburg"]
[Date "1996.??.??"]
[Round "6"]
[White "Movsesian, Sergei"]
[Black "Polgar, Sofia"]
[Result "1-0"]
[WhiteElo "2635"]
[BlackElo "2480"]
[Annotator "Alterman,B"]
[PlyCount "109"]
[EventDate "1996.07.20"]
[EventType "tourn"]
[EventRounds "9"]
[EventCountry "GER"]
[EventCategory "12"]
[SourceTitle "CBM 055"]
[Source "ChessBase"]
[SourceDate "1996.12.01"]
[SourceVersion "1"]
[SourceVersionDate "1996.12.01"]
[SourceQuality "1"]

1. e4 {Petursson} e5 2. Nf3 Nc6 3. Bc4 Bc5 4. c3 Nf6 5. d3 d6 6. O-O Bb6 7. Bb3
Be6 8. Bc2 O-O (8... h6 $5 9. Nbd2 a6) 9. h3 d5 10. Qe2 h6 11. Rd1 Qe7 $6 (
11... Re8 $1 12. Nbd2 a6 $10) 12. b4 $1 a6 13. Ba3 dxe4 14. dxe4 Na7 15. c4 $1
$36 (15. Nxe5 $2 Bxh3 16. Nf3 Bg4 $15) 15... c5 16. b5 Ba5 $6 (16... axb5 17.
cxb5 Rfd8 18. Nc3 Nc8 19. Bb2 c4 (19... Rxd1+ $1 20. Rxd1 Bc7 $14) 20. Nxe5
Bxh3 21. Rxd8+ Bxd8 22. Nd5 $16) 17. Bb2 Nd7 18. Nbd2 $2 (18. Nc3 $1 axb5 19.
cxb5 Bxc3 20. Bxc3 f6 21. a4 $16) 18... f6 19. Nf1 Qf7 20. Ne3 Nb6 21. Nd5 axb5
22. cxb5 Rfd8 (22... Nxd5 23. exd5 Bxd5 $4 24. Rxd5 $18) 23. Nh4 (23. Bb3)
23... c4 (23... Nxd5 24. exd5 Bxd5 (24... Rxd5 25. Qe4 Kf8 26. Ng6+ Ke8 27. Nf4
$1 Rxd1+ 28. Rxd1 $16) 25. Rxd5 $1 Rxd5 26. Qe4 Rad8 27. Qh7+ Kf8 28. Ng6+ Ke8
29. Nxe5 $40) 24. a4 g5 $1 25. Nxb6 Bxb6 26. Nf3 $6 $10 (26. Nf5 $1 Bxf5 27.
exf5 Bd4 28. Rab1 Nc8 (28... Bxb2 29. Rxb2 Rd4 30. Rb4 Rc8 31. a5 $14) 29. Ba3
$14) 26... Qc7 27. Rac1 Qc5 28. Bc3 Rxd1+ 29. Bxd1 Nc8 30. Qe1 (30. Nh2 $6 Nd6
31. Bc2 Ba5 $132) 30... Qc7 31. Nd2 Bd4 (31... Nd6 $1 32. Nb1 Bc5 $10) 32. Nb1
Ne7 33. Qf1 Qc5 34. g3 Nc8 35. Qe1 Kg7 (35... Bxh3 $5 36. Bb4 Qc7 37. Nc3 (37.
Qe2 Be6) 37... Be6 (37... Ne7) 38. Nd5 Bxd5 39. exd5 $44) 36. Kg2 Nb6 $2 $138
37. Bb4 Qc8 38. a5 Nd7 39. Bg4 Bf7 40. Nd2 $16 c3 41. Nf3 h5 42. Bf5 Qc4 43.
Bxc3 Bxc3 44. Rxc3 (44. Qxc3 Qxb5 45. Qc7 Nf8 46. Rc5 $16) 44... Qxb5 45. Qd2
Nf8 46. Nxg5 $1 $18 fxg5 (46... Qxa5 {Petursson} 47. Nxf7 Kxf7 48. Qc1 {
Black does not have a sufficient defence to the threat Rc7+ and a following
invasion on the seventh rank}) (46... Bc4 47. Qc1 $18) 47. Qxg5+ Kh8 48. Qf6+
Kg8 49. Rc7 Qb3 50. Qg5+ Kh8 51. Qe7 $1 Kg8 (51... Kg7 52. Rxb7 Qa2 53. Qg5+
Kh8 54. Rb6 $18) 52. Rxb7 Qc4 53. Rc7 Qa2 54. Qg5+ Kh8 55. Rc6 1-0

[Event "FRA-chT Top 12"]
[Site "Brest"]
[Date "2019.05.20"]
[Round "3.1"]
[White "Amin, Bassem"]
[Black "Santos Ruiz, Miguel"]
[Result "1-0"]
[WhiteElo "2704"]
[BlackElo "2549"]
[Annotator "Amin,B"]
[PlyCount "77"]
[EventDate "2019.05.18"]
[EventType "team-tourn"]
[EventRounds "11"]
[EventCountry "FRA"]
[SourceTitle "CBM 190 Extra"]
[Source "ChessBase"]
[SourceDate "2019.07.15"]
[SourceVersion "1"]
[SourceVersionDate "2019.07.15"]
[SourceQuality "1"]
[WhiteTeam "Clichy 92"]
[BlackTeam "Grasse echecs"]
[WhiteTeamCountry "FRA"]
[BlackTeamCountry "FRA"]
[TimeControl "40/5400+30:1800+30"]

1. e4 {[%emt 0:03:29] This is the second time I am playing in the Top 12 event
in France. I had played earlier in 2014. It is one of the strongest leagues in
the world, which also has a unique system. The matches are played eleven days
in a row unlike in Germany or Sweden, where they are held on the weekends.
It’s a good opportunity to play against eleven strong players.} e5 {[%emt 0:
00:00]} 2. Nf3 {[%emt 0:00:18]} Nc6 {[%emt 0:00:00]} 3. Bc4 {[%emt 0:00:23]}
Bc5 {[%emt 0:00:01]} 4. c3 {[%emt 0:00:21]} Nf6 {[%emt 0:00:06]} 5. d3 {
[%emt 0:00:12]} a5 {[%emt 0:00:09]} 6. O-O {[%emt 0:00:40]} d6 {[%emt 0:00:05]}
7. Re1 {[%emt 0:02:01]} O-O {[%emt 0:01:22]} 8. Nbd2 {[%emt 0:02:41]} (8. h3 h6
9. Nbd2 Be6 10. Bb5 Qb8 11. Bxc6 bxc6 12. d4 exd4 13. cxd4 Bb4 14. a3 Bxd2 15.
Nxd2 Re8 16. b3 d5 17. e5 Nd7 18. Qh5 c5 19. Re3 f5 20. exf6 Bf7 21. Qh4 Rxe3
22. fxe3 Qe8 23. Nf3 Nxf6 24. dxc5 Bg6 25. Bb2 Qxe3+ 26. Kh2 Rf8 27. Bd4 Qxb3
28. Ne5 Be4 29. Ng4 Qc2 30. Rg1 Nxg4+ 31. Qxg4 Rf7 32. Rf1 Bf5 33. Qf4 Qe2 34.
Rf2 Qe6 35. Qe5 Qxe5+ 36. Bxe5 c6 37. g4 Be4 {Giri,A (2797)-Ding,L (2809)
Shenzhen 2019 1/2-1/2}) 8... Be6 {[%emt 0:01:09]} 9. a4 {[%emt 0:06:42]} Qe7 {
[%emt 0:26:40]} 10. Qb3 {[%emt 0:03:15]} Rab8 {[%emt 0:03:10]} 11. h3 {[%emt 0:
01:35]} Nd7 {[%emt 0:04:55]} 12. Nf1 {[%emt 0:09:00]} Bxc4 {[%emt 0:03:36]} 13.
Qxc4 {[%emt 0:00:22]} Qe6 {[%emt 0:00:18]} 14. Qb5 {[%emt 0:05:26]} Nb6 {
[%emt 0:19:31]} 15. N1d2 {[%emt 0:05:05]} Qg6 {[%emt 0:08:11]} 16. Qb3 {
[%emt 0:11:35]} Kh8 {[%emt 0:02:37]} 17. Qc2 {[%emt 0:10:03]} f5 {[%emt 0:03:
37]} 18. exf5 {[%emt 0:03:19]} Qxf5 {[%emt 0:00:50]} 19. Ne4 {[%emt 0:00:37]}
Nd7 {[%emt 0:00:30]} 20. Be3 {[%emt 0:05:22]} Bxe3 {[%emt 0:01:29]} 21. fxe3 {
[%emt 0:00:37]} Nf6 {[%emt 0:06:49]} 22. Nxf6 {[%emt 0:01:27]} Rxf6 {[%emt 0:
00:31]} 23. Rf1 {[%emt 0:00:53]} Rbf8 {[%emt 0:01:07]} 24. Rf2 {[%emt 0:01:22]}
Qg6 {[%emt 0:01:52]} 25. Raf1 {[%emt 0:00:18]} Qg3 {[%emt 0:02:17]} 26. Qe2 {
[%emt 0:00:51]} Ne7 {[%emt 0:02:55]} 27. Nd2 {[%emt 0:00:58]} Rxf2 {[%emt 0:00:
09]} 28. Rxf2 {[%emt 0:00:01]} Qxf2+ {[%emt 0:00:06]} 29. Qxf2 {[%emt 0:00:06]}
Rxf2 {[%emt 0:00:03]} 30. Kxf2 {[%emt 0:00:05]} Kg8 {[%emt 0:01:32]} 31. Nc4 {
[%emt 0:02:11]} Nc6 {[%emt 0:01:32]} 32. Na3 {[%emt 0:05:53]} Na7 {[%emt 0:00:
30]} 33. e4 {[%emt 0:00:21]} Kf7 {[%emt 0:00:15]} 34. d4 {[%emt 0:00:18]} exd4
{[%emt 0:04:14]} 35. cxd4 {[%emt 0:00:01]} Nc6 {[%emt 0:00:30]} 36. Ke3 {
[%emt 0:05:28]} Ke7 {[%emt 0:00:07]} 37. Nc4 {[%emt 0:02:38]} b6 {[%emt 0:00:
05]} 38. d5 {[%emt 0:00:56]} Nb4 {[%emt 0:01:59]} 39. Kd4 {[%emt 0:10:51]} 1-0

[Event "Bundesliga 0607"]
[Site "Germany"]
[Date "2007.02.25"]
[Round "11.3"]
[White "Areshchenko, Alexander"]
[Black "Johannessen, Leif Erlend"]
[Result "1-0"]
[WhiteElo "2640"]
[BlackElo "2537"]
[Annotator "Areshchenko/Meyer,CD"]
[PlyCount "89"]
[EventDate "2006.10.28"]
[EventType "team-tourn"]
[EventRounds "15"]
[EventCountry "GER"]
[SourceTitle "CBM 118"]
[Source "ChessBase"]
[SourceDate "2007.05.31"]
[SourceVersion "1"]
[SourceVersionDate "2007.05.31"]
[SourceQuality "1"]
[WhiteTeam "Werder Bremen"]
[BlackTeam "Wattenscheid"]
[WhiteTeamCountry "GER"]
[BlackTeamCountry "GER"]

{DER AUSGESPERRTE LÄUFER} 1. e4 e5 2. Nf3 Nc6 3. Bc4 Bc5 4. c3 Nf6 5. d3 d6 6.
O-O a6 7. Bb3 Ba7 8. Nbd2 O-O 9. h3 h6 10. Re1 Nh5 11. Nf1 Qf6 12. Be3 Nf4 13.
d4 Ne7 14. N1h2 Neg6 15. Kh1 $5 $146 c5 $5 ({I} 15... h5 16. h4 Be6 17. Bc2
Rfd8 18. g3 Nh3 19. Kg2 $16) ({II} 15... Be6 16. Ng4 $5) 16. d5 Qd8 (16... b5
17. c4 $5 Bd7 18. h4 Nh5 19. g3) 17. a4 (17. h4 $5 f5 18. Bc2 c4 19. g3 Nd3 20.
Bxd3 cxd3 21. Bxa7 Rxa7 22. Qxd3 fxe4 23. Qxe4 Ne7 $44) 17... f5 18. Bc2 fxe4
$2 (18... c4 $5 19. Nf1 $1 $13) 19. Bxe4 Bf5 20. Qc2 Qd7 21. c4 Bxe4 22. Qxe4
Qf5 23. Qxf5 Rxf5 24. Ra3 $3 e4 $2 ({I} 24... Raf8 25. Rb3 R5f7 26. Nd2 $16) ({
II} 24... Bb6 25. a5 Bc7 26. Nd2 $16) 25. Nd2 Nd3 26. Rf1 $18 {"Steht eine
Figur schlecht, ist die ganze Stellung schlecht." (S. Tarrasch)} Raf8 (26...
Nge5 27. b3) 27. Nxe4 Nxb2 28. Nxd6 R5f6 29. Rb3 Rxd6 30. Rxb2 b6 31. Nf3 Rd7
32. Rfb1 Re8 33. a5 b5 34. cxb5 axb5 35. Rxb5 Rxd5 36. Rb7 Re7 37. a6 Rd6 38.
Rxe7 Nxe7 39. Rb7 Nc6 40. Nd2 Rd3 41. Rc7 Rd6 42. g4 Re6 43. Kg2 g5 44. Nc4 Kf8
45. Na3 1-0

[Event "Jakarta Japfa"]
[Site "Jakarta"]
[Date "2014.04.22"]
[Round "5"]
[White "Kuderinov, Kirill"]
[Black "Atalik, Suat"]
[Result "0-1"]
[WhiteElo "2448"]
[BlackElo "2562"]
[Annotator "Atalik,S"]
[PlyCount "78"]
[EventDate "2014.04.20"]
[EventType "tourn"]
[EventRounds "9"]
[EventCountry "INA"]
[EventCategory "8"]
[SourceTitle "CBM 161"]
[Source "ChessBase"]
[SourceDate "2014.07.16"]
[SourceVersion "1"]
[SourceVersionDate "2014.07.16"]
[SourceQuality "1"]

1. e4 e5 2. Nf3 Nc6 3. Bc4 Bc5 4. c3 Nf6 5. d3 a6 6. Bb3 d6 7. Nbd2 O-O 8. O-O
Be6 $5 (8... h6 9. Re1 Ba7 10. Nf1 Be6 {is the regular follow up.}) 9. Nc4 $1 {
To keep the bishop on c5 for a long time has a drawback: Black has available
the dangerous d4 push at any time.} Ba7 (9... h6 {is still a fair possibility.}
10. Re1 (10. d4 $6 Bxc4 11. Bxc4 Ba7 12. Qd3 Re8 {and Black still threatens d5!
}) 10... Ba7 11. Be3 $14) 10. Bg5 {This scares people with the combination of
further sacrifices on g5 if Black commits h6, g5.} h6 (10... Ne7 {is my
regular response to Bg5 but in this type of position I did not like the looks
of the move.} 11. Bxf6 gxf6 12. Ne3 Kh8 13. Nh4 Rg8 14. g3 $16) 11. Bh4 Bxc4 $5
(11... Ne7 $6 {is played by Silvio!} 12. Bxf6 gxf6 13. Ne3 f5 {with g5
protected, this is possible now.} 14. Bxe6 fxe6 15. Qb3 Qc8 16. exf5 Nxf5 17.
Nxf5 Rxf5 18. d4 exd4 19. Nxd4 Bxd4 20. cxd4 $16) (11... g5 12. Nxg5 $6 (12.
Bg3 {brings positions similar to the game}) 12... hxg5 13. Bxg5 Bxc4 (13... Kg7
14. Qf3 Rh8 15. Ne3 $36) 14. Bxc4 Kg7 15. Qf3 Rh8 {followed by Nb8-d7 if
needed, cast doubt on the sacrifice.}) 12. Bxc4 Na5 13. Nd2 g5 14. Bg3 Ne8 $1
$146 {This is the start of my swansong!} (14... h5 15. h4 Nxc4 16. dxc4 $1 Ng4
17. Nf3 $13) 15. Bd5 $1 {I like this move which softens up d6 for a future d4.}
(15. Bb3 Nxb3 16. Qxb3 Rb8 17. Nc4 Ng7 18. Ne3 Kh8 {and Black takes the
initiative with ...f5.}) 15... c6 16. Bb3 ({I was expecting} 16. Bxf7+ Rxf7 17.
b4 Nf6 (17... b5 18. bxa5 Qxa5 19. d4) 18. bxa5 Qxa5 19. Nc4 Qc7 20. a4 b5 21.
Ne3 Bxe3 22. fxe3 Raf8 $13 {both sides have their weaknesses.}) 16... Nxb3 17.
Qxb3 b5 $1 {Given the opportunity I have expanded my queenside.} (17... Rb8 18.
Nc4) ({Not only is his bishop not in real danger, but I will also commit
myself with} 17... h5 18. h3 h4 19. Bh2) 18. Nf3 Nf6 $1 19. Rfe1 Re8 20. Qc2
Nh5 21. Qe2 $6 {I do not like this.} (21. d4 f6 $11) 21... Qf6 $1 22. Nd2 Qg6
23. Kh1 d5 $40 24. Nf1 (24. exd5 cxd5 25. Bxe5 $2 Nf4 $19) 24... Rad8 25. a4
dxe4 26. dxe4 Nf4 27. Bxf4 exf4 28. axb5 cxb5 $17 {Black is simply better
because he has the better minor piece and more aggressive pawn structure.} 29.
Qf3 (29. Nd2 Re6 30. f3 Red6 31. Nb3 Qe6 32. Qc2 h5 33. Red1 Be3 $17) 29... Re6
{The other rook is even better placed on the 6th but I wanted to lure him into
the forthcoming combination.} (29... Rd6 30. g3 $140 $2 g4) 30. g3 $2 (30. Re2
Red6 $17) 30... g4 $1 31. Qxf4 Rf6 32. Qe5 $1 (32. Qc7 Bb6 33. Qe7 Re6 34. Qh4
Rxe4 $19 {is hopeless.}) 32... Rxf2 $1 (32... Bxf2 33. Re2 Bb6 $17) 33. Qe7 Rd7
$1 {Everything is forced, like in a combinational exercise.} 34. Qxd7 $1 (34.
Qe8+ Kg7 35. Rxa6 Qh5 $1 36. Qxd7 Qh3 $19 {just gives a checkmate.}) 34...
Rxf1+ 35. Kg2 Rf2+ $1 ({The most obvious looking line falls into perpetual
check.} 35... Rg1+ $2 36. Rxg1 Qxe4+ 37. Kf1 Qf3+ 38. Ke1 Qf2+ 39. Kd1 Qxg1+
40. Kc2 Qxa1 41. Qxg4+ Kf8 42. Qc8+ Kg7 43. Qg4+ Kf6 44. Qf4+ Ke6 45. Qe4+ Kd6
46. Qf4+ Kc6 47. Qf3+ Kb6 48. Qf2+ $11) 36. Kg1 $1 (36. Kh1 $4 Rxh2+ 37. Kxh2
Qh5+ 38. Kg2 Qh3# {is the backbone of Black's play.}) 36... Bb6 $2 {I
calculated both lines, and I preferred the one with B+2P vs R to a queen
ending a pawn up with no passer.} (36... Qh5 $1 37. Qd8+ Kh7 $1 (37... Kg7 $6
38. Qh4 $11) 38. Qh4 Qe5 39. Kh1 Rf1+ 40. Kg2 Rg1+ $1 41. Rxg1 Qxe4+ 42. Kf1
Qf3+ 43. Ke1 Qe3+ 44. Kd1 Qxg1+ 45. Kc2 Qxa1 46. Qe7 Qa4+ 47. Kc1 Kg7 48. Qxa7
Qe4 $1 $19 {and Black should win not due to the extra pawn but rather the
weakness of White's kingside pawns look decisive.}) 37. Qc8+ $4 {This deflects
the queen from the d8-h4 diagonal and it can not come back.} (37. Qe7 $8 Qh5
38. Qh4 Rxb2+ 39. Kh1 Qxh4 40. gxh4 Bc7 41. e5 a5 42. Reb1 Rxb1+ 43. Rxb1 Bxe5
44. Rxb5 Bxc3 {is quite incomprehensible since anything White plays ends up in
a draw.} 45. h3 $1 {being the simplest.} gxh3 46. Kh2 Kg7 47. Kxh3 $11) (37.
Qe8+ Kh7) 37... Kg7 $5 {Actually this is a mistake but sometimes I become
dogmatic.} ({Black could quickly mate with} 37... Kh7 38. h3 Re2+ 39. Kf1 Qxe4
$1 $19) 38. h3 $1 {An excellent move which I did not see.} (38. Rxa6 Rxb2+ 39.
Rxb6 Qxb6+ 40. Kh1 Rxh2+ 41. Kxh2 Qf2+ 42. Kh1 Qxe1+ 43. Kg2 Qxe4+ 44. Kg1 Qe3+
) 38... h5 $3 $138 {With less than 3 minutes on my clock I had burned all my
time and realised that the control of the g4-square will finish him off.} 39.
Kh1 (39. hxg4 hxg4 {and White is helpless.}) 39... Qf6 $1 0-1

[Event "Rubinstein Memorial 38th"]
[Site "Polanica Zdroj"]
[Date "2006.08.27"]
[Round "8"]
[White "Heberla, Bartlomiej"]
[Black "Atalik, Suat"]
[Result "1/2-1/2"]
[WhiteElo "2551"]
[BlackElo "2619"]
[Annotator "Atalik,S"]
[PlyCount "37"]
[EventDate "2006.08.20"]
[EventType "tourn"]
[EventRounds "9"]
[EventCountry "POL"]
[EventCategory "13"]
[SourceTitle "CBM 113 Extra"]
[Source "ChessBase"]
[SourceDate "2006.09.14"]
[SourceVersion "1"]
[SourceVersionDate "2006.09.14"]
[SourceQuality "1"]

1. e4 e5 2. Nf3 Nc6 3. Bc4 Bc5 4. c3 Nf6 5. d3 a6 6. Bb3 Ba7 7. Nbd2 O-O 8. h3
Kh8 $5 $146 {I thought this might have stolen a tempo.} ({usually people plays
} 8... d6 9. Nf1 d5) 9. Nf1 ({Black's 8th also helps} 9. Nc4 $6 d5 10. exd5
Nxd5 11. O-O {to push} f6 $15 {without worries.}) 9... d5 10. Qe2 dxe4 11. dxe4
Be6 12. Ng3 Bxb3 13. axb3 Ne8 $1 14. O-O Nd6 15. Rd1 Qf6 16. Be3 Bxe3 17. Qxe3
Qe6 18. b4 f6 {When my opponent offered me a draw I really wanted call it a
day.Enough with this tournament.} 19. Qe2 (19. Qe2 Ne7 20. Ne1 Ng6 21. Nd3 b6
$15) ({I was expecting} 19. Qc5 Qf7) (19. Ne1 a5 20. bxa5 Nxa5 21. Nd3 Nb3 22.
Rxa8 Rxa8 23. Nb4 Nc4 24. Qe2 c6 $13) 1/2-1/2